LEADER 00747nam0-22002771i-450- 001 990001018420403321 035 $a000101842 035 $aFED01000101842 035 $a(Aleph)000101842FED01 035 $a000101842 100 $a--------d--------km-y0itay50------ba 101 0 $aeng 200 1 $a<>Introduction to Electrotechnology$fS.J. Kowalski 210 $aLondon$cChapman & Hall$d1960 215 $axiv, 301 p.$d22 cm 610 0 $aIngegneria 610 0 $aTecnica 676 $a620 700 1$aKowalski,$bStefan J.$014629 801 0$aIT$bUNINA$gRICA$2UNIMARC 901 $aBK 912 $a990001018420403321 952 $a40-017$b1907$fFI1 959 $aFI1 996 $aIntroduction to electrotechnology$9119382 997 $aUNINA LEADER 01668nam 2200421 n 450 001 996389526003316 005 20221108085042.0 035 $a(CKB)1000000000643547 035 $a(EEBO)2240899142 035 $a(UnM)99856648 035 $a(EXLCZ)991000000000643547 100 $a19921021d1484 uy | 101 0 $aeng 135 $aurbn||||a|bb| 200 10$a[Here begynneth the booke which the knyght of the toure made$b[electronic resource] $eand speketh of many fayre ensamples and thensygnementys and techyng of his doughters] 210 $a[[Westminster $cWilliam Caxton]$dthe yere of oure lord M CCCC lxxxiij and enprynted at Westmynstre the last day of Ianyuer the fyrst yere of the regne of kynge Rychard the thyrd. [1484]] 215 $a[208] p 300 $aTitle from heading, a1r--cf. STC. 300 $aA translation by William Caxton of the French original by Geoffroy La Tour Landry. 300 $aImprint from colophon. 300 $aSignatures: pi⁴ a-m n⁴. 300 $aReproduction of the original in the British Library. 330 $aeebo-0018 606 $aWomen$xEducation, Medieval$vEarly works to 1800 606 $aConduct of life$vEarly works to 1800 615 0$aWomen$xEducation, Medieval 615 0$aConduct of life 700 $aLa Tour Landry$b Geoffroy de$f14th cent.$0962207 701 $aCaxton$b William$fca. 1422-1491.$0196637 801 0$bCu-RivES 801 1$bCu-RivES 801 2$bUk-ES 801 2$bCStRLIN 801 2$bWaOLN 906 $aBOOK 912 $a996389526003316 996 $aHere begynneth the booke which the knyght of the toure made$92329027 997 $aUNISA LEADER 02351oam 2200577 450 001 9910707402003321 005 20160909152859.0 035 $a(CKB)5470000002465513 035 $a(OCoLC)891382906 035 $a(EXLCZ)995470000002465513 100 $a20140926d1974 ua 0 101 0 $aeng 135 $aurbn||||||||| 181 $ctxt$2rdacontent 182 $cc$2rdamedia 183 $acr$2rdacarrier 200 10$aEstimation of petroleum exploration success and the effects of resource base exhaustion via a simulation model /$fby Lawrence J. Drew 210 1$a[Washington, D.C.] :$cUnited States Department of the Interior, Geological Survey,$d1974. 210 2$aWashington :$cUnited States Government Printing Office. 215 $a1 online resource (iv, 25 pages) $cillustrations 225 1 $aGeological Survey bulletin ;$v1328 300 $aTitle from title screen (viewed September 15, 2014). 320 $aIncludes bibliographical references (page 25). 517 1 $aModel for petroleum exploration success 606 $aPetroleum$xGeology$xData processing 606 $aPetroleum$xGeology$xMathematical models 606 $aPetroleum$xProspecting$xData processing 606 $aPetroleum$xProspecting$xMathematical models 606 $aPetroleum$xGeology$xData processing$2fast 606 $aPetroleum$xGeology$xMathematical models$2fast 606 $aPetroleum$xProspecting$xData processing$2fast 606 $aPetroleum$xProspecting$xMathematical models$2fast 615 0$aPetroleum$xGeology$xData processing. 615 0$aPetroleum$xGeology$xMathematical models. 615 0$aPetroleum$xProspecting$xData processing. 615 0$aPetroleum$xProspecting$xMathematical models. 615 7$aPetroleum$xGeology$xData processing. 615 7$aPetroleum$xGeology$xMathematical models. 615 7$aPetroleum$xProspecting$xData processing. 615 7$aPetroleum$xProspecting$xMathematical models. 700 $aDrew$b Lawrence J.$0522149 712 02$aGeological Survey (U.S.), 801 0$bCOP 801 1$bCOP 801 2$bOCLCO 801 2$bOCLCF 801 2$bGPO 906 $aBOOK 912 $a9910707402003321 996 $aEstimation of petroleum exploration success and the effects of resource base exhaustion via a simulation model$93456033 997 $aUNINA